|
|
|
|
| LEADER |
00000nab a2200000 a 4500 |
| 001 |
vtls010880704 |
| 003 |
SK-MaSNL |
| 005 |
20260303174821.0 |
| 008 |
171110c2015 xo wr n 0 0slo |
| 038 |
|
|
|a SLLK
|
| 040 |
|
|
|a SLLK
|b slo
|c sllk
|e AACR2
|
| 041 |
|
|
|a slo
|
| 044 |
|
|
|a xo
|c SK
|
| 080 |
|
|
|a 796.526
|2 2001
|
| 110 |
1 |
|
|a Horolezecký klub Vabec (Stará Ľubovňa, Slovensko)
|4 aut
|9 1059692
|
| 245 |
0 |
0 |
|a Lezenie je šport i životná filozofia
|c [autor] (HK Vabec)
|
| 300 |
|
|
|b Fotogr.
|
| 610 |
2 |
7 |
|a Horolezecký klub Vabec Stará Ľubovňa
|2 sllk
|9 1034305
|
| 611 |
2 |
7 |
|a Boulderšopa Legends Lonely
|d (2014 :
|c Kremná, Slovensko)
|2 sllk
|9 1202740
|
| 648 |
|
7 |
|a 2014
|2 snkbucl
|9 334827
|
| 650 |
0 |
7 |
|a šport
|2 snkbucl
|9 1042
|
| 650 |
0 |
7 |
|a lezenie na umelých stenách
|2 sllk
|9 111238
|
| 650 |
0 |
7 |
|a umelé horolezecké steny
|2 sllk
|9 77007
|
| 651 |
|
7 |
|a Kremná (Slovensko)
|2 sllk
|9 58180
|
| 651 |
|
7 |
|a Stará Ľubovňa (Slovensko)
|2 sllk
|9 19193
|
| 773 |
0 |
|
|t Ľubovnianske noviny
|g Roč. XXXX., č. 2 (2015), s. 8
|x 1338-0346
|
| 999 |
|
|
|c 2098708
|d 2100638
|